Shakespeare in love

Ο Σαίξπηρ βρίσκει τη μούσα του, που θα τον εμπνεύσει να γράψει το "Ρωμαίος και Ιουλιέτα", στο πρόσωπο μιας αριστοκράτισσας αγνοώντας ότι συμμετέχει στο θίασό του μεταμφιεσμένη σε άνδρα....

Πλήρης περιγραφή

Αποθηκεύτηκε σε:
Λεπτομέρειες βιβλιογραφικής εγγραφής
Άλλοι συγγραφείς: Madden, John, 1949- (Διευθυντής), Paltrow, Gwyneth, 1972- (Ηθοποιός), Fiennes, Joseph, 1970- (Ηθοποιός), Rush, Geoffrey, 1951- (Ηθοποιός), Firth, Colin, 1960- (Ηθοποιός), Affleck, Ben, 1972- (Ηθοποιός), Dench, Judi, 1934- (Ηθοποιός)
Μορφή: Διαφάνειες
Γλώσσα:English
Multiple
Δημοσίευση: [S.l.] : Universal Studios, c2003.
Θέματα:
Ετικέτες: Προσθήκη ετικέτας
Δεν υπάρχουν, Καταχωρήστε ετικέτα πρώτοι!

MARC

LEADER 00000cgm a2200000 i 4500
001 1/98496
008 081201s2003 xx ||| | || ||eng||
035 |l 10102112 
040 |a GR-MyUa  |b gre  |e AACR2 
041 0 |a eng  |j mul 
082 7 |a 791.437   |2 (22) 
245 0 0 |a Shakespeare in love   |h [μαγνητοσκόπηση] /   |c directed by John Madden. 
260 |a [S.l.] :   |b Universal Studios,   |c c2003. 
300 |a 1 βιντεοδίσκος (118 λεπτ.) :   |b ομίλ., έγχρ. ;   |c 4 3/4 ίν. 
500 |a Κυκλοφόρησε πρώτη φορά ως κινηματογραφική ταινία το 1998. 
508 |a Κάστινγκ, Michelle Guish ; μουσική, Stephen Warbeck ; κοστούμια, Sandy Powell ; μοντάζ, David Gamble ; σχεδιασμός παραγωγής, Martin Childs ; φωτογραφία, Richard Greatrex ; εκτέλεση παραγωγής, Bob Weinstein, Julie Goldstein ; παραγωγή, David Parfitt, Donna Gigliotti, Harvey Weinstein, Edward Zwick, Marc Norman ; σενάριο, Marc Norman και Tom Stoppard. 
511 0 |a Gwyneth Paltrow, Joseph Fiennes, Geoffrey Rush, Colin Firth, Ben Affleck, Judi Dench, Simon Callow, Jim Carter, Martin Clunes, Antony Sher, Imelda Staunton, Tom Wilkinson, Mark Williams. 
520 8 |a Ο Σαίξπηρ βρίσκει τη μούσα του, που θα τον εμπνεύσει να γράψει το "Ρωμαίος και Ιουλιέτα", στο πρόσωπο μιας αριστοκράτισσας αγνοώντας ότι συμμετέχει στο θίασό του μεταμφιεσμένη σε άνδρα. 
546 |a Στα αγγλικά με ελληνικούς υπότιτλους. 
586 8 |a 7 βραβεία Όσκαρ  
600 1 0 |a Shakespeare, William,   |d 1564-1616  |v Drama. 
655 7 |a Feature films  |2 lcgft 
700 1 |a Madden, John,   |d 1949-  |e drt 
700 1 |a Paltrow, Gwyneth,   |d 1972-  |e act 
700 1 |a Fiennes, Joseph,   |d 1970-  |e act 
700 1 |a Rush, Geoffrey,   |d 1951-  |e act 
700 1 |a Firth, Colin,   |d 1960-  |e act 
700 1 |a Affleck, Ben,   |d 1972-  |e act 
700 1 |a Dench, Judi,   |d 1934-  |e act 
852 |a INST  |b SYROS  |c AV  |e 20081201  |h 791.437 MAD  |p 005500008881  |q 005500008881  |t DVD  |y 23 
901 |a BIBL5-2008-1 
922 |a 5ΕΛΗ  |b 200709  |c Βιβλιοθήκη Σύρου  |d Anaco 
970 |a Κοντού  |b Παρασκευή  |z 01/12/2008